000
00324nam a2200145 a 4500
008
980429s1967||||xx 0 und c
040
_a
SNK
_b
slo
_c
SNK
_e
AACR2
100
1
_a
Šedý, Václav
245
1
0
_a
Práce s dřevem
260
_a
Praha
_b
SPN
_c
1967
300
_a
121 s.
020
_c
28
041
_a
ces
044
_a
CZ
999
_c
13944
_d
13944